[Event "Budapest op 1st"]
[Site "Budapest"]
[Date "2011.08.23"]
[Round "4"]
[White "Rajcsanyi, Peter"]
[Black "Koczo, Kristof"]
[Result "1/2-1/2"]
[WhiteElo "1896"]
[BlackElo "2242"]
[PlyCount "116"]
[EventDate "2011.08.20"]
[EventType "swiss"]
[EventRounds "9"]
[EventCountry "HUN"]
[SourceTitle "EXT 2022"]
[Source "ChessBase"]
[SourceDate "2021.10.06"]
[SourceVersion "1"]
[SourceVersionDate "2021.10.06"]
[SourceQuality "1"]

1. e4 c5 2. Nf3 d6 3. d4 cxd4 4. Nxd4 Nf6 5. Nc3 a6 6. Bg5 e6 7. Qf3 Be7 8. 0-0-0 Qc7 9. Qg3 Qc5 10. Be3 Qh5 11. Be2 Qg6 12. Bf3 Nbd7 13. h4 Qxg3 14. fxg3 Ne5 15. h5 Nfg4 16. Bg1 Bg5+ 17. Kb1 Bd7 18. Bxg4 Nxg4 19. Nf3 Be7 20. Bb6 Rc8 21. Rhe1 Rc6 22. Bd4 e5 23. Bg1 Rxc3 24. bxc3 Be6 25. Nh4 Bxh4 26. gxh4 Ke7 27. Rd3 Rc8 28. Red1 Nf6 29. Re1 Rc4 30. Kb2 Nxe4 31. Ba7 Nc5 32. Bxc5 Rxc5 33. Rg3 Kf8 34. Re4 a5 35. Rge3 f5 36. Ra4 Bd7 37. Ra3 a4 38. Kc1 Rc4 39. Rd3 Ke7 40. Rg3 Kf6 41. Rd3 Ke6 42. Rg3 Rxh4 43. Rxg7 Rxh5 44. c4 Bc6 45. Rh3 Rxh3 46. gxh3 h5 47. Rg6+ Ke7 48. Rg5 Bf3 49. Rxf5 Be2 50. c5 a3 51. cxd6+ Kxd6 52. Kd2 Bc4 53. Rf3 Bxa2 54. Rxa3 Be6 55. Rg3 b5 56. Rg6 Kd5 57. Rg5 Bxh3 58. Rxh5 Bf1 1/2-1/2

[Event "Budapest op 1st"]
[Site "Budapest"]
[Date "2011.08.22"]
[Round "3"]
[White "Bodrogi, Laszlo"]
[Black "Rajcsanyi, Peter"]
[Result "0-1"]
[WhiteElo "2035"]
[BlackElo "1896"]
[PlyCount "90"]
[EventDate "2011.08.20"]
[EventType "swiss"]
[EventRounds "9"]
[EventCountry "HUN"]
[SourceTitle "EXT 2022"]
[Source "ChessBase"]
[SourceDate "2021.10.06"]
[SourceVersion "1"]
[SourceVersionDate "2021.10.06"]
[SourceQuality "1"]

1. d4 Nf6 2. c4 e6 3. Nc3 Bb4 4. Qc2 0-0 5. e4 d5 6. cxd5 exd5 7. e5 Ne4 8. Bd3 f5 9. Nge2 c5 10. 0-0 Nc6 11. Nxd5 Be6 12. Ndf4 Bc8 13. a3 Ba5 14. Bxe4 fxe4 15. Qxc5 Bb6 16. Qc4+ Kh8 17. Be3 Bg4 18. Ne6 Bxe6 19. Qxe6 Re8 20. Qg4 Qd5 21. Rfd1 Rad8 22. Nc3 Qb3 23. Qxe4 Ba5 24. Qb1 Bxc3 25. bxc3 Qxc3 26. Qe4 Qb3 27. Rab1 Qa4 28. f4 b6 29. Rd2 Ne7 30. Rd3 Nd5 31. f5 Qc2 32. Rc1 Qe2 33. g3 Nf6 34. Qh4 Qxd3 35. Bg5 Rxd4 36. Bf4 Ng8 37. Qg5 Rc4 38. Re1 Re4 39. Rc1 Qd4+ 40. Kg2 R4xe5 41. Bxe5 Qxe5 42. h4 Rf8 43. Rf1 Qb2+ 44. Kh3 Qxa3 45. h5 Qd6 0-1

[Event "HUN-chT2 Erkel 1011"]
[Site "Hungary"]
[Date "2010.10.10"]
[Round "3.11"]
[White "Rajcsanyi, Peter"]
[Black "Wirth, Adam"]
[Result "1-0"]
[WhiteElo "1872"]
[BlackElo "1868"]
[PlyCount "127"]
[EventDate "2010.09.12"]
[EventType "team-tourn"]
[EventRounds "11"]
[EventCountry "HUN"]
[SourceTitle "EXT 2012"]
[Source "ChessBase"]
[SourceDate "2011.11.24"]
[SourceVersion "1"]
[SourceVersionDate "2011.11.24"]
[SourceQuality "1"]
[WhiteTeam "Honved"]
[BlackTeam "Pestszentlorinc"]
[WhiteTeamCountry "HUN"]
[BlackTeamCountry "HUN"]

1. e4 c5 2. Nf3 e6 3. d4 cxd4 4. Nxd4 a6 5. Nc3 Qc7 6. Be2 Bb4 7. Qd3 Nc6 8. Nxc6 dxc6 9. Bd2 Nf6 10. a3 Bc5 11. 0-0-0 b5 12. f4 0-0 13. Be3 Be7 14. Bf3 b4 15. Nb1 bxa3 16. Nxa3 a5 17. e5 Ba6 18. Qc3 Nd5 19. Bxd5 exd5 20. Bc5 Bxc5 21. Qxc5 Rab8 22. Rd4 Qb7 23. b3 Qb6 24. Qxb6 Rxb6 25. Ra4 Rb4 26. Rxa5 Be2 27. g3 h5 28. Kb2 h4 29. Kc3 Rfb8 30. Re1 Bg4 31. Rc5 R4b6 32. Ra5 g6 33. Nb1 Kg7 34. Nd2 Rh8 35. Rg1 hxg3 36. hxg3 Rh2 37. Nf1 Rh3 38. Kb2 Be2 39. Nd2 Rh2 40. Kc1 d4 41. g4 d3 42. c3 Rh4 43. f5 Rxg4 44. f6+ Kh6 45. Rxg4 Bxg4 46. b4 Be6 47. Ne4 g5 48. Kd2 Bc4 49. Nd6 Be6 50. Kxd3 g4 51. Ke3 Rb8 52. Kf4 Rg8 53. Ra1 Kg6 54. c4 Rb8 55. Rb1 c5 56. b5 Bd7 57. b6 Kh5 58. b7 Bc6 59. Nxf7 Kh4 60. Rh1+ Bxh1 61. Nd6 Kh5 62. e6 Kg6 63. e7 Kxf6 64. e8Q 1-0

[Event "Berekfurdo op-B 4th"]
[Site "Berekfurdo"]
[Date "2010.09.05"]
[Round "7"]
[White "Rajcsanyi, Peter"]
[Black "Olah, Bela Janos"]
[Result "1-0"]
[WhiteElo "1842"]
[BlackElo "1934"]
[PlyCount "107"]
[EventDate "2010.09.02"]
[EventType "swiss"]
[EventRounds "7"]
[EventCountry "HUN"]
[SourceTitle "EXT 2019"]
[Source "ChessBase"]
[SourceDate "2018.10.10"]
[SourceVersion "1"]
[SourceVersionDate "2018.10.10"]
[SourceQuality "1"]

1. e4 e6 2. d4 d5 3. Nc3 dxe4 4. Nxe4 Nf6 5. Nxf6+ Qxf6 6. Nf3 h6 7. Bd3 Bd6 8. 0-0 0-0 9. c3 Bd7 10. Qe2 Re8 11. Ne5 Qe7 12. Nxd7 Nxd7 13. Qe4 f5 14. Qxb7 Qh4 15. f4 Nf6 16. Qf3 g5 17. Qg3 Qh5 18. Qf3 Qh4 19. Bb5 Rf8 20. Bc4 Rae8 21. g3 Qh3 22. fxg5 Ng4 23. Qg2 Qxg2+ 24. Kxg2 hxg5 25. Bxg5 f4 26. Rf3 Ne3+ 27. Rxe3 fxe3 28. Bxe3 Kg7 29. Re1 e5 30. dxe5 Bxe5 31. Bxa7 Bf6 32. Rxe8 Rxe8 33. Kf3 Re1 34. Bd4 Rh1 35. Bxf6+ Kxf6 36. h4 Rb1 37. b3 Rc1 38. Kf4 Rxc3 39. a4 Rc1 40. a5 Ra1 41. a6 Ra5 42. g4 Kg6 43. g5 Kg7 44. h5 Kh7 45. Kg4 Ra1 46. Kf5 Ra5+ 47. Kf6 Ra2 48. g6+ Kh6 49. Kf7 Rf2+ 50. Kg8 Rg2 51. Kf8 Rf2+ 52. Bf7 Rd2 53. g7 Rd8+ 54. Ke7 1-0

[Event "Berekfurdo op-B 4th"]
[Site "Berekfurdo"]
[Date "2010.09.04"]
[Round "5"]
[White "Terbe, Julianna"]
[Black "Rajcsanyi, Peter"]
[Result "0-1"]
[WhiteElo "1751"]
[BlackElo "1842"]
[PlyCount "46"]
[EventDate "2010.09.02"]
[EventType "swiss"]
[EventRounds "7"]
[EventCountry "HUN"]
[SourceTitle "EXT 2019"]
[Source "ChessBase"]
[SourceDate "2018.10.10"]
[SourceVersion "1"]
[SourceVersionDate "2018.10.10"]
[SourceQuality "1"]

1. d4 Nf6 2. Bg5 d5 3. Bxf6 exf6 4. e3 Nc6 5. c4 Bb4+ 6. Nc3 0-0 7. Qb3 Be6 8. Nf3 Re8 9. c5 Bg4 10. Bd3 a5 11. 0-0 Bxc3 12. Qxc3 Bxf3 13. gxf3 f5 14. Kh1 Qg5 15. Rg1 Qh5 16. f4 Re6 17. Qd2 Rh6 18. Rg2 Re8 19. Rag1 Kh8 20. a3 Ree6 21. Qc2 Ne7 22. b4 Qf3 23. Be2 Rxh2+ 0-1

[Event "Berekfurdo op-B 4th"]
[Site "Berekfurdo"]
[Date "2010.09.03"]
[Round "3"]
[White "Merenyi, Gabor"]
[Black "Rajcsanyi, Peter"]
[Result "1-0"]
[WhiteElo "2031"]
[BlackElo "1842"]
[PlyCount "101"]
[EventDate "2010.09.02"]
[EventType "swiss"]
[EventRounds "7"]
[EventCountry "HUN"]
[SourceTitle "EXT 2019"]
[Source "ChessBase"]
[SourceDate "2018.10.10"]
[SourceVersion "1"]
[SourceVersionDate "2018.10.10"]
[SourceQuality "1"]

1. e4 c5 2. Nf3 d6 3. d4 cxd4 4. Nxd4 Nf6 5. f3 Nc6 6. Be3 e5 7. Nxc6 bxc6 8. c4 g6 9. Nc3 Bg7 10. Be2 0-0 11. Qd2 Qe7 12. 0-0-0 Rd8 13. Bc5 Ne8 14. Ba3 Bf6 15. Kb1 Bg5 16. Qd3 Be6 17. g3 Bh6 18. h4 Qc7 19. Ka1 a5 20. h5 g5 21. Bf1 Qa7 22. Rh2 f6 23. Bh3 Bc8 24. Bxc8 Raxc8 25. c5 dxc5 26. Qxd8 Rxd8 27. Rxd8 Qe7 28. Rhd2 Bf8 29. g4 Qe6 30. Rb8 Nd6 31. Bxc5 Kf7 32. Rxf8+ Kxf8 33. b3 Ke7 34. Rxd6 Qxd6 35. Na4 Ke6 36. Bxd6 Kxd6 37. Kb2 Kd7 38. Kc3 Kc7 39. Kc4 Kd6 40. Nc5 Kc7 41. h6 Kc8 42. Ne6 Kd7 43. Nf8+ Ke7 44. Nxh7 Kf7 45. Kc5 Kg6 46. Kxc6 Kxh7 47. Kb5 Kxh6 48. Kxa5 Kg7 49. b4 Kf7 50. b5 f5 51. b6 1-0